1309 1751 1520 1842 1296 1878 1428 1489 1890 1969 1370 1248 1184 1444 1652 1067 1689 1732 1634 1028 1023 1835 1985 1420 1836 1785 1387 1751 1348 1325 1619 1962 1210 1517 1267 1775 1450 1743 1932 1309 1552 1973 1127 1510 1918 1476 1227 1845 1130 1282 1906 1689 1665 1792 1596 1364 1195 1085 1059 1798 1430 1514 1711 1095 1719 1239 1434 1981 1361 1696 1873 1103 1396 1391 1784 1433 1462 1872 1305 1013 1344 1649 1181 1877 1401 1498 1632 1343 1790 1483 1923 1789 1863 1556 1627 1191 1823 1749 1469 BCNSPRNW ULIB Ver.6.0+V

เปลี่ยนเป็นภาษาไทย

Change to English
 แสดงรายละเอียดบรรณานุกรม
  กลับหน้าหลัก

Brief Record : Get Marc (ISO 2709) : E-mail record : QR code < ปิดหน้าต่าง
LEADER : 00000nam 2200000uu 4500
001    13399112219
003     ULIB
008    110627s2552||||th 000 0 tha d
060  4 WY18.5^bส181ร 2552
110 1  สถาบันพระบรมราชชนก
245 00 รายงานวิจัย การประเมินผลการดำเนินงานการผลิตพยาบาลวิชาชีพเพิ่มเพื่อแก้ไขปัญหาในพื้นที่จังหวัดชายแดนภาคใต้ (2550-2551)/^cสถาบันพระบรมราชชนก
260    นนทบุรี :^bสถาบันพระบรมราชชนก,^c2552
300    141 หน้า
650  7 ชายแดนภาคใต้
945    ^p0^l0^i027775
945    ^p0^l0^i027776
995    ทศพร
999 ^a ใช้งานได้ทุกระบบ
รายการนี้ยังไม่มีแท็ก
คุณยังไม่ได้ล็อกอิน คุณสามารถมีกิจกรรมร่วมกับเว็บไซต์ได้ แต่ต้องล็อกอินก่อน ::
  ล็อกอิน

รายการสื่อสารสนเทศ

ลำดับที่ ประเภท เลขเรียก/บาร์โค้ด สถานที่ สถานะ
- ไม่พบข้อมูล -

รายการใกล้เคียง
    หัวเรื่อง [ชายแดนภาคใต้]

BibComment


ยังไม่เคยถูกคอมเมนท์

คอมเมนท์ทรัพยากรรายการนี้
  คอมเมนท์: รายงานวิจัย การปร..


 Copyright 2026. Bcnsprnw @Library